| 000 | 00000nam##2200000za#4500 |
| 001 | 9.695646 |
| 003 | CaOODSP |
| 005 | 20210624234654 |
| 007 | cr ||||||||||| |
| 008 | 150407|2000||||xxc|||||o f|0| 0 eng|d |
| 040 | |aCaOODSP|beng |
| 043 | |an-cn--- |
| 086 | 1 |aE94-30/1-151E-PDF |
| 110 | 1 |aCanada.|bCanadian International Development Agency. |
| 245 | 10|aCIDA's HIV/AIDS action plan |h[electronic resource] |
| 250 | |aSecond edition |
| 260 | |aHull - Quebec : |bCanadian International Development Agency |cJuly 2000. |
| 300 | |a26p.|bglossary, graph, tables, photographs |
| 520 | 3 |aThis second edition of CIDA's HIV/AIDS Action Plan incorporates comments and advice received during the international conference on HIV/AIDS, Confronting the Global Pandemic, Canada's Contribution, which was held in Toronto, Canada, on June 1 and 2, 2000.--Page 1 |
| 590 | |a12-15-Supp|b2012-04-13 |
| 690 | 07|aAIDS (disease)|2gcpds |
| 690 | 07|aDeveloping countries|2gcpds |
| 775 | 08|tLe VIH et le SIDA : |w(CaOODSP)9.639779 |
| 776 | 0#|tCIDA's HIV/AIDS action plan |w(CaOODSP)9.647892 |
| 856 | 40|ahttp://publications.gc.ca|qPDF|s1.33 MB|uhttps://publications.gc.ca/collections/Collection/E94-30-1-151E.pdf |